000
00158nam a2200085 4500
082
_a
RUP
100
_a
Rup, Ram
245
_a
Booking and Accounting
942
_c
BK
999
_c
13167
_d
13167